| 000 | 00680nam a2200193 i 4500 | ||
|---|---|---|---|
| 001 | 133526 | ||
| 003 | ES-MaACL | ||
| 005 | 20250904044544.0 | ||
| 007 | t| | ||
| 008 | 160624q1884 fr ||||1| fre d | ||
| 245 | 0 | 1 | _a[Station thermale de Cambo-Les-Bains (Basses-Pyrénées]. |
| 260 |
_a[S.l. : _bs.n., _c1884?] ( _eParis : _fTyp. A. Parent) |
||
| 300 |
_a8 p.. ; _c13 cm. |
||
| 594 | _aEjemplar sin portada, datos del título tomados de principio del texto. | ||
| 650 | 0 | 4 |
_aBalnearios- _zFrancia. _910481 |
| 651 | 7 |
_aCambo-les-Bains (Francia) _2 _9159991 |
|
| 852 |
_aES-MaACL _jT-483-F-9 _z.- Enc. en un vol. facticio falto de la cub. original |
||
| 999 |
_c133526 _d133526 |
||